El nuevo proceso civil (Registro nro. 16070)

Detalles MARC
000 -LEADER
campo de control de longitud fija 00835nam a2200253 i 4500
001 - NÚMERO DE CONTROL
campo de control 16070
003 - IDENTIFICADOR DE NÚMERO DE CONTROL
campo de control ES-MaACL
005 - FECHA Y HORA DE LA ÚLTIMA TRANSACCIÓN
campo de control 20230906151234.0
007 - CAMPO FIJO DE DESCRIPCIÓN FÍSICA--INFORMACIÓN GENERAL
campo de control de longitud fija t|
008 - DATOS DE LONGITUD FIJA--INFORMACIÓN GENERAL
campo de control de longitud fija 000621s2000 sp ||||1| spa d
020 ## - NÚMERO INTERNACIONAL ESTÁNDAR DEL LIBRO
Número Internacional Estándar del Libro 84-8442-025-6
080 ## - NÚMERO DE LA CLASIFICACIÓN DECIMAL UNIVERSAL
Número de la Clasificación Decimal Universal 347.91/95(460)
245 03 - MENCIÓN DEL TÍTULO
Título El nuevo proceso civil
Resto del título : (Ley 1/2000) /
Mención de responsabilidad, etc. Juan Montero Aroca... [et al.].
260 ## - PUBLICACIÓN, DISTRIBUCIÓN, ETC.
Lugar de publicación, distribución, etc. Valencia :
Nombre del editor, distribuidor, etc. Tirant lo Blanch,
Fecha de publicación, distribución, etc. 2000.
300 ## - DESCRIPCIÓN FÍSICA
Extensión 902 p. ;
Dimensiones 25 cm.
490 1# - MENCIÓN DE SERIE
Mención de serie Tirant lo Blanch tratados
650 #4 - PUNTO DE ACCESO ADICIONAL DE MATERIA--TÉRMINO DE MATERIA
Término de materia o nombre geográfico como elemento de entrada Procedimiento civil-
Subdivisión geográfica España.
9 (RLIN) 16420
700 1# - ENTRADA AGREGADA--NOMBRE PERSONAL
Nombre de persona Montero Aroca, Juan.
9 (RLIN) 82507
710 1# - ENTRADA AGREGADA--NOMBRE DE ENTIDAD CORPORATIVA
Nombre de entidad corporativa o nombre de jurisdicción como elemento de entrada España.
Título de la obra Ley de enjuiciamiento civil, 2000.
9 (RLIN) 197341
740 0# - ENTRADA AGREGADA--TÍTULO RELACIONADO/ANALÍTICO NO CONTROLADO
Título relacionado o analítico no controlado Ley 1/2000, de 7 de enero, de Enjuiciamiento Civil.
830 0# - PUNTO DE ACCESO ADICIONAL DE SERIE-TÍTULO UNIFORME
Título uniforme Tirant lo Blanch tratados
9 (RLIN) 228622
852 ## - LOCALIZACIÓN
Ubicación ES-MaACL
Número de control de estantería L-23263
Sublocalización o colección R.128613
Existencias
Estatus retirado Estado de pérdida Estado de daño No para préstamo Biblioteca de origen Biblioteca actual Ubicación en estantería Fecha de adquisición Fuente de adquisición Total de préstamos Signatura topográfica completa Código de barras Visto por última vez Precio de reemplazo Tipo de ítem Koha
        Biblioteca del Ateneo de Madrid Biblioteca del Ateneo de Madrid Depósito 2 17/01/2008     L-23263 1016331 23/02/2023 23/02/2023 Libro impreso